000 00339nam a2200145Ia 4500
008 230917s9999||||xx |||||||||||||| ||und||
040 _e88653
_aMAIN
041 _aEnglish
082 _a859.3 K682P:B
100 _aKaither, Kumari Vila
245 0 _aParvat per sona
260 _aDelhi
_bNavyug
_c1955
300 _a287 p.
942 _cBK
999 _c208789
_d208789